000 01177cab a22002295a 4500
001 L142955
008 080326e20080322xxk f s 000 0 eng d
035 _a(Sirsi) u142955
041 0 _aeng
100 1 _aNeale, Jon
245 0 0 _aFocus
_bSussex
260 _c2008
490 _aEstates Gazette
_v(0811) 22 March 2008, 71-83(9)
520 _aReports that although Brighton's office market is showing signs of significant development, these advances may be curtailed by a major regeneration programme in nearby Shoreham. A lack of speculative development is threatening Crawley's fragile market of occupiers, and there are fears that some will move from the town. Eastbourne continues to battle its image as a retirement town by looking to iconic European schemes for inspiration, particularly for its seafront development plans. Reports on Hastings and its own plans for regeneration. Gives an overview of commercial market figures in the area.
590 _aKA
651 4 _aSussex
_y1888-
690 _aPROPERTY-COMMERCIAL PROPERTY-COMMERCIAL PROPERTY MARKET
700 1 _aJack, Simon
700 1 _aClarkson, Melanie
700 1 _aCunningham, Daniel
942 _n0
999 _c79990
_d79990